Westminster, Whitehall and the Vatican : the role of Cardinal Hinsley, 1935-43 /

Bibliographic Details
Main Author: Moloney, Thomas
Format: Book
Language:English
Published: Tunbridge Wells, Kent : Burns & Oates, 1985.
Subjects:

MARC

Tag First Indicator Second Indicator Subfields
LEADER 00000cam a2200000 a 4500
001 in00000406613
005 20151012050428.0
008 850718s1985 enka b 00110 eng d
020 |a 0860121380 
035 |a (OCoLC)12277359 
035 |9 ABS9593AM 
040 |a EYW  |c EYW  |d TXA  |d UtOrBLW 
049 |a TXAM  |c [A08695458] 
090 |a BX1493  |b .M64 1985 
100 1 |a Moloney, Thomas. 
245 1 0 |a Westminster, Whitehall and the Vatican :  |b the role of Cardinal Hinsley, 1935-43 /  |c by Thomas Moloney ; foreword by Cardinal Basil Hume. 
264 1 |a Tunbridge Wells, Kent :  |b Burns & Oates,  |c 1985. 
300 |a 263 pages :  |b illustrations ;  |c 23 cm. 
336 |a text  |b txt  |2 rdacontent 
337 |a unmediated  |b n  |2 rdamedia 
338 |a volume  |b nc  |2 rdacarrier 
500 |a Includes index. 
504 |a Bibliography: pages [251]-255. 
600 1 0 |a Hinsley, Arthur,  |d 1865-1943. 
610 2 0 |a Catholic Church  |x Foreign relations  |z Great Britain. 
651 0 |a Great Britain  |x Foreign relations  |x Catholic Church. 
999 |a MARS 
999 f f |s 260e532f-1e30-3fbd-a68b-44dfe525f15d  |i c1871f72-0f85-301d-a0d2-92c6236fc1a9  |t 0 
952 f f |p ric  |a Texas A&M University  |b Rellis Campus  |c Joint Library Facility  |d Remote Storage  |t 0  |e BX1493 .M64 1985  |h Library of Congress classification  |i unmediated -- volume  |m A14808695458 
998 f f |a BX1493 .M64 1985  |t 0  |l Remote Storage